Southville International School and Colleges
Your cart is empty.
  • Cart
  • Lists
    Public lists Eva Luna New books Lux_list list_1
    Your lists Log in to create your own lists
  • Log in to your account
  • Your cookies
  • Search history
Southville International School and Colleges
  • Advanced search
  • Recent comments
  • Most popular
  • Libraries

Log in to your account

Log in with GOOGLE


If you do not have an external account, but do have a local account, you can still log in:

  1. Home
  2. MARC view: The Very Small Person
Normal view MARC view ISBD view

The Very Small Person (Record no. 258659)

[ view plain ]
MARC details
000 -LEADER
fixed length control field 00939cam a22002533a 4500
001 - CONTROL NUMBER
control field 29404
003 - CONTROL NUMBER IDENTIFIER
control field PGUSA
005 - DATE AND TIME OF LATEST TRANSACTION
control field 20140828083633.0
008 - FIXED-LENGTH DATA ELEMENTS--GENERAL INFORMATION
fixed length control field 090713s2009||||xxu|||||s|||||000 1 eng d
040 ## - CATALOGING SOURCE
Original cataloging agency PGUSA
Language of cataloging eng
042 ## - AUTHENTICATION CODE
Authentication code dc
050 #4 - LIBRARY OF CONGRESS CALL NUMBER
Classification number PS
100 1# - MAIN ENTRY--PERSONAL NAME
Personal name Donnell, Annie Hamilton,
Dates associated with a name 1862-
245 14 - TITLE STATEMENT
Title The Very Small Person
Medium [electronic resource] /
Statement of responsibility, etc Annie Hamilton Donnell
260 ## - PUBLICATION, DISTRIBUTION, ETC. (IMPRINT)
Name of publisher, distributor, etc Project Gutenberg,
Date of publication, distribution, etc 2009
505 0# - FORMATTED CONTENTS NOTE
Formatted contents note Little blue overalls -- The boy -- The adopted -- Bobby unwelcome -- The little girl who should have been a boy -- The lie -- The princess of make-believe -- The promise -- The little lover -- The child -- The recompense.
506 ## - RESTRICTIONS ON ACCESS NOTE
Terms governing access Public domain in the USA.
516 ## - TYPE OF COMPUTER FILE OR DATA NOTE
Type of computer file or data note Electronic text
653 ## - INDEX TERM--UNCONTROLLED
Uncontrolled term Children -- Fiction
700 1# - ADDED ENTRY--PERSONAL NAME
Personal name Elliott, Elizabeth Shippen Green,
Dates associated with a name 1871-1954
830 #0 - SERIES ADDED ENTRY--UNIFORM TITLE
Uniform title Project Gutenberg
Volume number/sequential designation 29404
856 40 - ELECTRONIC LOCATION AND ACCESS
Uniform Resource Identifier <a href="http://www.gutenberg.org/ebooks/29404">http://www.gutenberg.org/ebooks/29404</a>
942 ## - ADDED ENTRY ELEMENTS (KOHA)
Koha item type eBooks
Holdings
Withdrawn status Lost status Damaged status Home library Current library Date acquired Total Checkouts Date last seen Price effective from Koha item type
      Project Gutenberg Project Gutenberg 08/28/2014   08/28/2014 08/28/2014 eBooks

The Very Small Person

APA

Donnell A. H., Elliott E. S. G., . (2009). The Very Small Person. : Project Gutenberg.

Chicago

Donnell Annie Hamilton, Elliott Elizabeth Shippen Green, . 2009. The Very Small Person. : Project Gutenberg.

Harvard

Donnell A. H., Elliott E. S. G., . (2009). The Very Small Person. : Project Gutenberg.

MLA

Donnell Annie Hamilton, Elliott Elizabeth Shippen Green, . The Very Small Person. : Project Gutenberg. 2009.

  • Place hold
  • Print
  • Cite
  • Add to your cart (remove)
  • Save record
    BIBTEX Dublin Core MARCXML MARC (non-Unicode/MARC-8) MARC (Unicode/UTF-8) MARC (Unicode/UTF-8, Standard) MODS (XML) RIS
  • More searches
    Search for this title in:
    Other Libraries (WorldCat) Other Databases (Google Scholar) Online Stores (Bookfinder.com) Open Library (openlibrary.org)

Exporting to Dublin Core...

SOUTHVILLE LIBRARY

Southville International School and Colleges Library

1281 Tropical Ave. Cor. Luxembourg St., BF Homes International, Las Pinas City

Tel. No. 8256374 / 252358 Loc. 117/146

Powered by Koha